| 000 | 00595nam a2200241Ia 4500 | ||
|---|---|---|---|
| 003 | OSt | ||
| 005 | 20220924142930.0 | ||
| 006 | a|||||r|||| 00| 0 | ||
| 007 | ta | ||
| 008 | 220923b |||||||| |||| 00| 0 ori d | ||
| 020 | _c60.00 | ||
| 024 | _a304008 | ||
| 037 | _cTextual | ||
| 040 |
_aARTS _cARTS _bORI |
||
| 041 |
_2ORI _aORI |
||
| 082 | _aO1591,1NBHx, M3 | ||
| 100 |
_aBhanja K. S.U _9214381 |
||
| 245 | 0 | _aLabanyabati | |
| 260 | _c1983 | ||
| 650 |
_aORIYA LITERATURE _927692 |
||
| 942 |
_hO1591,1NBHx, M3 _cTEXL _2CC |
||
| 999 |
_c452569 _d452569 |
||